00702 a2200145 4500003000500000005001700005040000900022082001500031100001800046245004300064260003800107300001600145505038500161650001000546Nust20230125153723.0 cNust a808.83,SCO aWalpole, Hugh aThe waverley Pangeant /cHugh Walpole, aLondonbEyre & Spottiswoodec1932 axxxix 661 p aSir Walter Scott (Page-ix), The Merrie Business of Writing Immortal Novel (Page-19), The Human Comedy (Page-71), Heroes and Villains (Page-178), High Jinks (Page-248), Stories of King and Queens (Page-297), Prophets ,Priest ,and Priestesses (Page-409), Lovers (Page-465), Out in the Forty-five (Page-501), Drama (Page-537), Original (Page-573), The Old Order Changeth (Page-635).  aNovel